Mone ten = (Record no. 39998)
[ view plain ]
| 000 -LEADER | |
|---|---|
| fixed length control field | 01330cam a2200313 a 4500 |
| 001 - CONTROL NUMBER | |
| control field | 5279626 |
| 005 - DATE AND TIME OF LATEST TRANSACTION | |
| control field | 20180110073307.0 |
| 008 - FIXED-LENGTH DATA ELEMENTS--GENERAL INFORMATION | |
| fixed length control field | 950803s1994 ja a bc 000 0 jpn d |
| 010 ## - LIBRARY OF CONGRESS CONTROL NUMBER | |
| LC control number | 95840289 |
| 035 ## - SYSTEM CONTROL NUMBER | |
| System control number | (CStRLIN)DCLP95-B15917 |
| 040 ## - CATALOGING SOURCE | |
| Original cataloging agency | KU |
| Transcribing agency | KU |
| Modifying agency | MiU-A |
| -- | DLC-R |
| -- | DLC |
| 041 0# - LANGUAGE CODE | |
| Language code of text/sound track or separate title | jpneng |
| 042 ## - AUTHENTICATION CODE | |
| Authentication code | lccopycat |
| 066 ## - CHARACTER SETS PRESENT | |
| Alternate G0 or G1 character set | $1 |
| 080 ## - UNIVERSAL DECIMAL CLASSIFICATION NUMBER | |
| Universal Decimal Classification number | 7 CLA |
| 082 ## - DEWEY DECIMAL CLASSIFICATION NUMBER | |
| Edition number | 7 CLA |
| 100 1# - Rafti | |
| Rafti | 44 |
| 101 ## - Shkurtesa | |
| Shkurtesa | ART |
| 245 10 - TITLE STATEMENT | |
| Linkage | 880-01 |
| Title | Mone ten = |
| Statement of responsibility, etc | shusai Ishibashi Zaidan Burijisuton Bijutsukan ... [et al.] ; [henshū Ishibashi Zaidan Burijisuton Bijutsukan, Nagoya-shi Bijutsukan ; tekisuto Pōru Heizu Takkaā ... [et al.]]. |
| 246 31 - VARYING FORM OF TITLE | |
| Title proper/short title | Monet, a retrospective |
| 504 ## - BIBLIOGRAPHY, ETC. NOTE | |
| Bibliography, etc | Includes bibliographical references (p. 278-297). |
| 880 10 - ALTERNATE GRAPHIC REPRESENTATION | |
| Linkage | 245-01/$1 |
| a | モネ展 = |
| b | Monet, a retrospective / |
| c | 主催石橋財団ブリヂストン美術館 ... [et al.] ; [編集石橋財団ブリヂストン美術館, 名古屋市美術館 ; テキストポールヘイズタッカー ... [et al.]]. |
| 880 ## - ALTERNATE GRAPHIC REPRESENTATION | |
| Linkage | 260-02/$1 |
| a | 名古屋市 : |
| b | 中日新聞社, |
| c | 1994. |
| 880 2# - ALTERNATE GRAPHIC REPRESENTATION | |
| Linkage | 710-03/$1 |
| a | ブリジストン美術館. |
| 880 2# - ALTERNATE GRAPHIC REPRESENTATION | |
| Linkage | 710-04/$1 |
| a | 名古屋市美術館. |
| 880 2# - ALTERNATE GRAPHIC REPRESENTATION | |
| Linkage | 710-05/$1 |
| a | ひろしま美術館. |
| 906 ## - LOCAL DATA ELEMENT F, LDF (RLIN) | |
| a | 7 |
| b | cbc |
| c | orignew |
| d | 3 |
| e | ncip |
| f | 19 |
| g | y-rlinjack |
| 942 ## - ADDED ENTRY ELEMENTS (KOHA) | |
| Source of classification or shelving scheme | |
| Item type | Books |
No items available.